[Event "14th IPCA WORLD INDIVIDUAL CHESS CH 201"]
[Site "Apatin - Banja Junakovic"]
[Date "2014.09.18"]
[Round "4.8"]
[White "Tsapalin, Sergey"]
[Black "Linqvist, Grels"]
[Result "1-0"]
[WhiteElo "1987"]
[BlackElo "2026"]
[PlyCount "91"]
[EventDate "2014.09.16"]

1. d4 d5 2. c4 e6 3. Nc3 Nf6 4. cxd5 exd5 5. Bg5 c6 6. Qc2 Nbd7 7. e3 Qa5 8.
Bd3 Bd6 9. Nge2 O-O 10. O-O Re8 11. a3 h6 12. Bh4 Qc7 13. Bg3 Bxg3 14. Nxg3 Nf8
15. Rfe1 Be6 16. f3 Rad8 17. Rad1 Qd7 18. Qf2 Qc8 19. Rc1 Qd7 20. h3 Qd6 21.
Red1 Qc7 22. e4 dxe4 23. fxe4 Qb6 24. e5 Nd5 25. Nce4 Nd7 26. Nh5 Kh8 27. Bc4
Rg8 28. Bxd5 Bxd5 29. Nd6 Rdf8 30. Nf4 Be6 31. Rc3 Kh7 32. Rf3 a5 33. Rf1 Bb3
34. Qe3 a4 35. Nd3 Bd5 36. R3f2 Qb3 37. Qd2 f6 38. Nc1 Qb6 39. Qd3+ Kh8 40. Nf5
Qd8 41. Nh4 Bf7 42. e6 Ne5 43. dxe5 Qxd3 44. Nxd3 Bh5 45. g4 g5 46. exf6 1-0

[Event "14th IPCA WORLD INDIVIDUAL CHESS CH 201"]
[Site "Apatin - Banja Junakovic"]
[Date "2014.09.18"]
[Round "4.9"]
[White "Zavarsky, Juraj"]
[Black "Vodyasov, Evgeny"]
[Result "1/2-1/2"]
[WhiteElo "2012"]
[BlackElo "2220"]
[PlyCount "49"]
[EventDate "2014.09.16"]

1. e4 e6 2. d4 d5 3. Nc3 Nf6 4. Bg5 Bb4 5. e5 h6 6. Bd2 Bxc3 7. bxc3 Ne4 8. Qg4
Kf8 9. Qd1 c5 10. Bd3 Nxd2 11. Qxd2 Nc6 12. Nf3 Qa5 13. dxc5 Qxc5 14. O-O Bd7
15. Rab1 Na5 16. Rb4 Rc8 17. Rg4 Bb5 18. c4 Bxc4 19. Qf4 Qa3 20. Nd4 Kg8 21.
Nxe6 fxe6 22. Rxg7+ Kxg7 23. Qf6+ Kg8 24. Qxe6+ Kg7 25. Qf6+ 1/2-1/2

[Event "14th IPCA WORLD INDIVIDUAL CHESS CH 201"]
[Site "Apatin - Banja Junakovic"]
[Date "2014.09.18"]
[Round "4.10"]
[White "Jennitha, Anto K"]
[Black "Strekalovski, Viktor"]
[Result "1-0"]
[WhiteElo "1953"]
[BlackElo "2057"]
[PlyCount "58"]
[EventDate "2014.09.16"]

1. e4 b6 2. d4 Bb7 3. Bd3 e6 4. Nf3 Be7 5. Nc3 d6 6. Be3 Nf6 7. h3 Nfd7 8. Qd2
a6 9. Ne2 Nf6 10. Ng3 Nbd7 11. Qe2 c5 12. c3 Qc7 13. Nd2 h5 14. h4 g6 15. Bg5
Ng8 16. Bxe7 Nxe7 17. f3 b5 18. Qf2 Rc8 19. Ne2 Nc6 20. Qe3 cxd4 21. Nxd4 Nxd4
22. Qxd4 e5 23. Qe3 Nc5 24. Bc2 Ne6 25. g3 Ke7 26. Bb3 Nc5 27. Ke2 Kf8 28. Qg5
d5 29. Qe3 Ke7 {...67} 1-0

[Event "14th IPCA WORLD INDIVIDUAL CHESS CH 201"]
[Site "Apatin - Banja Junakovic"]
[Date "2014.09.18"]
[Round "4.11"]
[White "Kurochkina, Elena"]
[Black "Aleksandrova, Aleksandra"]
[Result "1-0"]
[WhiteElo "1768"]
[BlackElo "1947"]
[PlyCount "57"]
[EventDate "2014.09.16"]

1. d4 d5 2. c4 e6 3. Nc3 Nf6 4. cxd5 exd5 5. Bg5 Be7 6. e3 O-O 7. Bd3 c6 8. Qc2
g6 9. Nf3 Na6 10. a3 Qa5 11. O-O Qd8 12. Ne5 Nc7 13. Rfd1 Ne6 14. Bh6 Re8 15.
Ne2 Bf8 16. Bxf8 Nxf8 17. Rac1 Ng4 18. Nf3 Qf6 19. Ng3 h5 20. h3 Nh6 21. Ne5 h4
22. Nf1 g5 23. Nh2 Qe6 24. Qe2 f6 25. Neg4 f5 26. Ne5 g4 27. hxg4 fxg4 28. e4
dxe4 29. Bc4 1-0

[Event "14th IPCA WORLD INDIVIDUAL CHESS CH 201"]
[Site "Apatin - Banja Junakovic"]
[Date "2014.09.18"]
[Round "4.12"]
[White "Sataeva, Lana"]
[Black "Moskvin, Anatoly"]
[Result "0-1"]
[WhiteElo "1483"]
[BlackElo "1870"]
[PlyCount "66"]
[EventDate "2014.09.16"]

1. e4 e5 2. Nf3 Nc6 3. Bb5 a6 4. Ba4 d6 5. h3 Nge7 6. d4 b5 7. Bb3 Nxd4 8. Nxd4
exd4 9. a4 Bb7 10. Qxd4 c5 11. Qe3 c4 12. Ba2 d5 13. Nd2 d4 14. Qe2 Ng6 15. O-O
Bc5 16. Nf3 O-O 17. Bg5 Qd6 18. b3 h6 19. Bc1 d3 20. Qd2 Bxe4 21. Ne1 c3 22.
Qd1 d2 23. Bxd2 cxd2 24. Nf3 Bb4 25. c4 Bc3 26. cxb5 Bxa1 27. Qxa1 Bxf3 28.
gxf3 Nh4 29. Qb1 Rfe8 30. b4 Nxf3+ 31. Kg2 Qh2+ 32. Kxf3 Qxh3+ 33. Kf4 g5# 0-1

[Event "14th IPCA WORLD INDIVIDUAL CHESS CH 201"]
[Site "Apatin - Banja Junakovic"]
[Date "2014.09.18"]
[Round "4.13"]
[White "Tocklin, Tomi"]
[Black "Riekkinen, Keijo"]
[Result "1-0"]
[WhiteElo "1859"]
[BlackElo "1671"]
[PlyCount "159"]
[EventDate "2014.09.16"]

1. e4 d6 2. d4 Nf6 3. Nc3 g6 4. h3 Bg7 5. Be3 O-O 6. Nf3 Nbd7 7. Be2 c6 8. a4
e5 9. dxe5 dxe5 10. O-O Qe7 11. a5 Rd8 12. Nd2 Nc5 13. Qc1 Ne6 14. Nb3 Nd4 15.
Bc4 Rb8 16. Rd1 Nh5 17. Ne2 Nxe2+ 18. Bxe2 b6 19. Rxd8+ Qxd8 20. Qd1 Qxd1+ 21.
Rxd1 Be6 22. axb6 axb6 23. Ra1 Nf4 24. Nc1 Nxe2+ 25. Nxe2 Bc4 26. Kf1 f5 27. f3
f4 28. Bd2 c5 29. b3 Bf7 30. Bc3 b5 31. Rd1 Bf6 32. Bb2 b4 33. Rd6 Bg7 34. Rc6
c4 35. bxc4 b3 36. cxb3 Rxb3 37. Rc8+ Bf8 38. Bxe5 Rb1+ 39. Kf2 Be6 40. Ra8 Kf7
41. Nxf4 Bc5+ 42. Kg3 Bxc4 43. Rc8 Rb5 44. Rc7+ Kg8 45. Rg7+ Kf8 46. Rxh7 Be7
47. Rh8+ Kf7 48. Nd5 Bxd5 49. exd5 Bb4 50. Rh7+ Ke8 51. Rh8+ Kd7 52. Bf6 Ba5
53. Rg8 Rxd5 54. Rxg6 Rd6 55. h4 Kc6 56. h5 Kd5 57. Rg5+ Ke6 58. Rxa5 Kxf6 59.
Kg4 Rd4+ 60. f4 Rd8 61. Ra6+ Kf7 62. g3 Kg8 63. Kf3 Rc8 64. Ra3 Kg7 65. g4 Kh6
66. Ra6+ Kh7 67. g5 Re8 68. Kg4 Re7 69. Kf5 Kg7 70. h6+ Kh7 71. Kf6 Rc7 72. Re6
Kh8 73. g6 Rc8 74. Kg5 Rb8 75. f5 Rc8 76. Re7 Rb8 77. Kf6 Rc8 78. g7+ Kh7 79.
Kf7 Rb8 80. Re8 1-0

[Event "14th IPCA WORLD INDIVIDUAL CHESS CH 201"]
[Site "Apatin - Banja Junakovic"]
[Date "2014.09.18"]
[Round "4.14"]
[White "Sergeeva, Anna"]
[Black "Kestlane, Harry"]
[Result "0-1"]
[WhiteElo "1274"]
[BlackElo "1843"]
[PlyCount "58"]
[EventDate "2014.09.16"]

1. e4 e5 2. Nf3 Nf6 3. Nc3 Nc6 4. Bb5 Bb4 5. d3 d6 6. O-O O-O 7. Re1 Bg4 8. h3
Bxf3 9. Qxf3 Nd4 10. Qg3 Bxc3 11. bxc3 Nxb5 12. Bh6 Ne8 13. d4 exd4 14. cxd4
Nxd4 15. Red1 Ne6 16. e5 Kh8 17. Bf4 Nxf4 18. Qxf4 Qe7 19. exd6 cxd6 20. Re1
Qf6 21. Qb4 Rb8 22. c4 Qd4 23. Rad1 Qc5 24. Qb1 Nf6 25. Re7 b5 26. cxb5 Rxb5
27. Qd3 Rb2 28. a4 Qxf2+ 29. Kh1 Qxg2# 0-1

[Event "14th IPCA WORLD INDIVIDUAL CHESS CH 201"]
[Site "Apatin - Banja Junakovic"]
[Date "2014.09.18"]
[Round "4.15"]
[White "Kaydanovich, Marina"]
[Black "Aristov, Pavel"]
[Result "1-0"]
[WhiteElo "1824"]
[BlackElo "1552"]
[PlyCount "67"]
[EventDate "2014.09.16"]

1. d4 d5 2. Nf3 Nf6 3. c4 c6 4. Nc3 Bf5 5. Bg5 Nbd7 6. e3 Qb6 7. Qb3 e6 8. c5
Qxb3 9. axb3 Be7 10. b4 O-O 11. b5 Rfb8 12. Bf4 Re8 13. h3 h6 14. Be2 Ne4 15.
O-O Nxc3 16. bxc3 Nf6 17. Nd2 Ne4 18. Nxe4 Bxe4 19. c4 cxb5 20. cxb5 Rec8 21.
Rfc1 Kf8 22. Rc3 b6 23. c6 Ke8 24. Ra4 Bd8 25. Rca3 Bc7 26. Rxa7 Rxa7 27. Rxa7
Bxf4 28. exf4 Kd8 29. Rxf7 g6 30. g4 Rc7 31. Rf8+ Ke7 32. Ra8 Kf6 33. Ra6 g5
34. Rxb6 1-0

[Event "14th IPCA WORLD INDIVIDUAL CHESS CH 201"]
[Site "Apatin - Banja Junakovic"]
[Date "2014.09.18"]
[Round "4.16"]
[White "Pilimon, Zbigniew"]
[Black "Diachina, Olga"]
[Result "1-0"]
[WhiteElo "1706"]
[BlackElo "1607"]
[PlyCount "63"]
[EventDate "2014.09.16"]

1. d4 d6 2. c4 e5 3. d5 c6 4. e4 Be7 5. Nf3 Nf6 6. Nc3 Bg4 7. Be2 Nbd7 8. Be3
h6 9. b4 Bh5 10. Nd2 Bxe2 11. Qxe2 Qc7 12. Rc1 b6 13. Nb3 c5 14. b5 O-O-O 15.
a4 Kb7 16. Ra1 Ra8 17. Bd2 a5 18. bxa6+ Rxa6 19. O-O Rb8 20. Rfb1 Kc8 21. Ra2
Nf8 22. Nb5 Qd8 23. a5 N6d7 24. Rba1 Rba8 25. Be1 Nh7 26. axb6 Rxa2 27. Rxa2
Rxa2 28. Qxa2 Nxb6 29. Qa6+ Kd7 30. Qb7+ Ke8 31. Nc7+ Kf8 32. Qxb6 1-0

[Event "14th IPCA WORLD INDIVIDUAL CHESS CH 201"]
[Site "Apatin - Banja Junakovic"]
[Date "2014.09.19"]
[Round "5.1"]
[White "Mikheev, Stanislav"]
[Black "Valenta, Vit"]
[Result "1-0"]
[WhiteElo "2195"]
[BlackElo "2134"]
[PlyCount "49"]
[EventDate "2014.09.16"]

1. d4 Nf6 2. c4 c5 3. d5 e5 4. Nc3 d6 5. e4 g6 6. Bd3 Bg7 7. Nge2 O-O 8. Ng3
Na6 9. h4 h5 10. Bg5 Nc7 11. Qd2 Bd7 12. O-O Qe8 13. f4 Ng4 14. f5 Kh7 15. Be2
f6 16. Bxg4 hxg4 17. Be3 gxf5 18. Nxf5 Bxf5 19. Rxf5 Rg8 20. Raf1 Bh8 21. Ne2
Qg6 22. Ng3 Ne8 23. Rh5+ Kg7 24. Qd1 Kf8 25. Rg5 1-0

[Event "14th IPCA WORLD INDIVIDUAL CHESS CH 201"]
[Site "Apatin - Banja Junakovic"]
[Date "2014.09.19"]
[Round "5.2"]
[White "Balberov, Alexander"]
[Black "Yarmonov, Igor"]
[Result "1/2-1/2"]
[WhiteElo "2380"]
[BlackElo "2361"]
[PlyCount "93"]
[EventDate "2014.09.16"]

1. d4 Nf6 2. Nf3 d5 3. c4 dxc4 4. e3 Be6 5. Na3 Nbd7 6. Nxc4 c5 7. Be2 Bd5 8.
O-O e6 9. b3 Be7 10. Bb2 O-O 11. Nce5 b6 12. Rc1 Rc8 13. Bd3 Rc7 14. Nxd7 Qxd7
15. Ne5 Qc8 16. dxc5 Rxc5 17. Rxc5 Qxc5 18. Qb1 Rd8 19. Rc1 Qd6 20. h3 h6 21.
Qc2 Qc5 22. Bd4 Qxc2 23. Rxc2 Ne8 24. Ba6 Bd6 25. Nc6 Rd7 26. Ne5 Rc7 27. Rxc7
Nxc7 28. Bd3 f6 29. Nc4 Bb4 30. e4 Bc6 31. Ne3 Kf7 32. Nc2 Bd6 33. Kf1 e5 34.
Bb2 Ne6 35. f3 b5 36. Ne3 Nf4 37. Bc2 Bc5 38. Bc1 b4 39. Nc4 Ne6 40. Bd3 h5 41.
Ne3 Nd4 42. Bc4+ Ke7 43. Bb2 Nb5 44. Ke2 g6 45. Nd5+ Bxd5 46. Bxd5 Bb6 47. Kd3
1/2-1/2

[Event "14th IPCA WORLD INDIVIDUAL CHESS CH 201"]
[Site "Apatin - Banja Junakovic"]
[Date "2014.09.19"]
[Round "5.3"]
[White "Obodchuk, Andrei"]
[Black "Kovacevic, Krsto"]
[Result "1-0"]
[WhiteElo "2370"]
[BlackElo "2068"]
[PlyCount "39"]
[EventDate "2014.09.16"]

1. e4 c5 2. Nf3 Nc6 3. Bb5 g6 4. Bxc6 bxc6 5. O-O Bg7 6. Re1 Nh6 7. c3 O-O 8.
d4 cxd4 9. cxd4 d5 10. e5 f6 11. e6 Nf5 12. Nc3 Nd6 13. Bf4 f5 14. Qa4 Qb6 15.
Bxd6 exd6 16. Nxd5 Qb7 17. Nb4 Rf6 18. Nxc6 Bxe6 19. Ng5 Re8 20. Nb4 1-0

[Event "14th IPCA WORLD INDIVIDUAL CHESS CH 201"]
[Site "Apatin - Banja Junakovic"]
[Date "2014.09.19"]
[Round "5.4"]
[White "Venkata, Krishna Karthik K"]
[Black "Tsapalin, Sergey"]
[Result "1-0"]
[WhiteElo "1967"]
[BlackElo "1987"]
[PlyCount "83"]
[EventDate "2014.09.16"]

1. e4 c5 2. Nc3 Nc6 3. g3 e5 4. Bg2 Nf6 5. d3 d6 6. Nge2 Be7 7. O-O O-O 8. h3
Nd4 9. f4 Bd7 10. g4 Ne8 11. Nd5 Nc7 12. Nxe7+ Qxe7 13. f5 Nxe2+ 14. Qxe2 f6
15. c4 Na6 16. h4 Kh8 17. Be3 Nb4 18. Rf3 Nc6 19. Rg3 Nd4 20. Qd2 a6 21. g5 b5
22. g6 Ra7 23. h5 Rg8 24. h6 hxg6 25. fxg6 Qe8 26. Kf2 gxh6 27. Bxd4 Rxg6 28.
Rxg6 Qxg6 29. Rh1 h5 30. Be3 Bg4 31. Rg1 Rf7 32. Ke1 b4 33. Bf3 f5 34. exf5
Qxf5 35. Bxg4 hxg4 36. Qe2 Rg7 37. Rf1 Qh5 38. Qg2 Qh4+ 39. Kd2 Qe7 40. Qa8+
Rg8 41. Rh1+ Kg7 42. Bh6+ 1-0

[Event "14th IPCA WORLD INDIVIDUAL CHESS CH 201"]
[Site "Apatin - Banja Junakovic"]
[Date "2014.09.19"]
[Round "5.5"]
[White "Kozhabekov, Adilkhan"]
[Black "Ursic, Aleksander"]
[Result "1-0"]
[WhiteElo "2103"]
[BlackElo "1939"]
[PlyCount "91"]
[EventDate "2014.09.16"]

1. Nf3 d5 2. d4 Bf5 3. g3 e6 4. Bg2 Nf6 5. O-O Bd6 6. c4 c6 7. Nc3 Nbd7 8. Nd2
Bc7 9. Qb3 Rb8 10. Rd1 O-O 11. e4 dxe4 12. Ndxe4 h6 13. Nxf6+ Qxf6 14. Be3 h5
15. d5 exd5 16. cxd5 Bb6 17. Bxb6 Nxb6 18. a4 Rfe8 19. Qb4 cxd5 20. a5 Nd7 21.
Nxd5 Qd8 22. Qf4 Be6 23. Nc7 Re7 24. Nxe6 fxe6 25. Qd4 Qf8 26. Qxa7 Ne5 27. Qc5
Ng4 28. h3 Rc8 29. Qd4 Nf6 30. Rac1 Rce8 31. Qd6 Qf7 32. Re1 Rf8 33. Rc2 Ne8
34. Qb6 Nf6 35. Rce2 Rfe8 36. b4 Kf8 37. b5 h4 38. a6 hxg3 39. fxg3 bxa6 40.
bxa6 Kg8 41. Ra1 Nd5 42. Bxd5 exd5 43. Rxe7 Rxe7 44. a7 Qf3 45. a8=Q+ Kh7 46.
Qf2 1-0

[Event "14th IPCA WORLD INDIVIDUAL CHESS CH 201"]
[Site "Apatin - Banja Junakovic"]
[Date "2014.09.19"]
[Round "5.6"]
[White "Vovk, Viktor"]
[Black "Jennitha, Anto K"]
[Result "1-0"]
[WhiteElo "2172"]
[BlackElo "1953"]
[PlyCount "135"]
[EventDate "2014.09.16"]

1. e4 c5 2. b3 d6 3. Bb2 Nf6 4. Nc3 g6 5. Bb5+ Bd7 6. Bxd7+ Qxd7 7. Nf3 Nc6 8.
O-O Bg7 9. Nd5 O-O 10. Nxf6+ exf6 11. c4 f5 12. Bxg7 Kxg7 13. exf5 Qxf5 14. d4
Rfe8 15. Qd2 Re7 16. Rfe1 Rae8 17. Rxe7 Rxe7 18. Rd1 Qf6 19. dxc5 dxc5 20. h3
b6 21. Qd6 Re6 22. Qd5 h6 23. Qd7 Re7 24. Qd6 Re6 25. Qd7 Re7 26. Qd2 Ne5 27.
Ne1 Rd7 28. Qe2 Rxd1 29. Qxd1 Qe6 30. Nc2 Nc6 31. Ne3 Nd4 32. b4 Nf5 33. Qa1+
f6 34. Nxf5+ Qxf5 35. Qe1 Kf7 36. a3 Qe6 37. Qc1 g5 38. bxc5 bxc5 39. Qc2 f5
40. Qc3 Qf6 41. Qf3 Kg6 42. g3 Qa6 43. Qd3 Kf6 44. Qd8+ Kg6 45. Qe8+ Kf6 46.
Qf8+ Kg6 47. Qxc5 Qe6 48. Qd4 f4 49. gxf4 Qxh3 50. Qe4+ Kf6 51. fxg5+ hxg5 52.
Qd4+ Kg6 53. Qd6+ Kg7 54. Qg3 Qf5 55. Qc3+ Kg6 56. c5 Qg4+ 57. Qg3 Qd1+ 58. Kh2
Qc1 59. Qd6+ Kh5 60. c6 Qc2 61. Kg1 Qb1+ 62. Kh2 Qc2 63. Qf6 Qc5 64. Qf7+ Kh6
65. c7 Qd6+ 66. Kh3 Qd3+ 67. Kg2 Qe4+ 68. Qf3 1-0

[Event "14th IPCA WORLD INDIVIDUAL CHESS CH 201"]
[Site "Apatin - Banja Junakovic"]
[Date "2014.09.19"]
[Round "5.7"]
[White "Vodyasov, Evgeny"]
[Black "Tocklin, Tomi"]
[Result "1-0"]
[WhiteElo "2220"]
[BlackElo "1859"]
[PlyCount "49"]
[EventDate "2014.09.16"]

1. d4 Nf6 2. Nf3 c5 3. d5 d6 4. Nc3 g6 5. e4 Bg7 6. Be2 O-O 7. O-O Na6 8. Bf4
Nc7 9. a4 b6 10. Qd2 a6 11. Rfe1 Rb8 12. e5 Nfe8 13. Bh6 b5 14. axb5 axb5 15.
Rad1 b4 16. Ne4 Ba6 17. Bxa6 Nxa6 18. Qf4 Bxh6 19. Qxh6 f6 20. Nfg5 fxg5 21.
Nxg5 Rf7 22. Nxf7 Kxf7 23. Qxh7+ Ng7 24. e6+ Kf6 25. Qh4+ 1-0

[Event "14th IPCA WORLD INDIVIDUAL CHESS CH 201"]
[Site "Apatin - Banja Junakovic"]
[Date "2014.09.19"]
[Round "5.8"]
[White "Moskvin, Anatoly"]
[Black "Tersinsev, Andrey"]
[Result "1-0"]
[WhiteElo "1870"]
[BlackElo "2043"]
[PlyCount "85"]
[EventDate "2014.09.16"]

1. e4 c5 2. b4 cxb4 3. a3 d5 4. exd5 Qxd5 5. Bb2 e5 6. axb4 Bxb4 7. Na3 Bd7 8.
Nc4 Nc6 9. Qf3 Nf6 10. Qxd5 Nxd5 11. Nxe5 Nxe5 12. Bxe5 O-O 13. Bc4 Rfe8 14.
Nf3 Nb6 15. Be2 Bg4 16. Bd4 Bxf3 17. gxf3 Nd5 18. c3 Nf4 19. Be3 Nxe2 20. Kxe2
Bd6 21. h4 Be7 22. h5 h6 23. Rhb1 b6 24. Ra6 Bc5 25. d4 Bd6 26. Kd3 f5 27. Rb2
f4 28. Bd2 Re7 29. Rbxb6 axb6 30. Rxa8+ Kf7 31. Ra6 Rb7 32. c4 Bb8 33. Bb4 Ba7
34. Bd6 Rd7 35. Bxf4 b5 36. d5 bxc4+ 37. Kxc4 Bxf2 38. Be5 Bh4 39. Kc5 Bf6 40.
f4 Re7 41. Bxf6 gxf6 42. d6 Rd7 43. f5 1-0

[Event "14th IPCA WORLD INDIVIDUAL CHESS CH 201"]
[Site "Apatin - Banja Junakovic"]
[Date "2014.09.19"]
[Round "5.9"]
[White "Linqvist, Grels"]
[Black "Kaydanovich, Marina"]
[Result "1/2-1/2"]
[WhiteElo "2026"]
[BlackElo "1824"]
[PlyCount "86"]
[EventDate "2014.09.16"]

1. c4 Nf6 2. Nc3 c6 3. Nf3 d5 4. e3 Bg4 5. d4 e6 6. Qb3 Qb6 7. Nh4 Nbd7 8. h3
Bh5 9. g4 Bg6 10. Nxg6 hxg6 11. Bg2 Qb4 12. c5 Qxb3 13. axb3 e5 14. b4 Be7 15.
b5 O-O 16. O-O Rfe8 17. Bd2 Nh7 18. Ra4 Bg5 19. f4 exf4 20. exf4 Be7 21. Rfa1
Nhf8 22. bxc6 bxc6 23. Rxa7 Rxa7 24. Rxa7 Bf6 25. Ra4 Ne6 26. Be3 Nexc5 27.
dxc5 Rxe3 28. Kf2 Re8 29. g5 Bxc3 30. bxc3 Nxc5 31. Rd4 Ne6 32. Ra4 f5 33. Ra6
Rc8 34. Bxd5 cxd5 35. Rxe6 Rxc3 36. Rxg6 Rxh3 37. Rd6 Rd3 38. Ke2 Rd4 39. Ke3
Re4+ 40. Kf3 d4 41. g6 Kf8 42. Rd5 Re6 43. Rxf5+ Kg8 1/2-1/2

[Event "14th IPCA WORLD INDIVIDUAL CHESS CH 201"]
[Site "Apatin - Banja Junakovic"]
[Date "2014.09.19"]
[Round "5.10"]
[White "Kestlane, Harry"]
[Black "Zavarsky, Juraj"]
[Result "0-1"]
[WhiteElo "1843"]
[BlackElo "2012"]
[PlyCount "50"]
[EventDate "2014.09.16"]

1. e4 c5 2. Nf3 Nc6 3. d4 cxd4 4. Nxd4 g6 5. Be3 Bg7 6. Nc3 Nf6 7. f3 O-O 8.
Qd2 d5 9. exd5 Nxd5 10. Nxc6 bxc6 11. Bd4 e5 12. Bc5 Nxc3 13. Bxf8 Qxf8 14.
Qxc3 e4 15. Qd2 exf3 16. gxf3 Bxb2 17. Rb1 Qe7+ 18. Kd1 Qf6 19. Be2 Be6 20. Rf1
Rd8 21. Bd3 c5 22. Rxb2 Qxb2 23. Qa5 Qd4 24. Kc1 c4 25. Be4 Qa1# 0-1

[Event "14th IPCA WORLD INDIVIDUAL CHESS CH 201"]
[Site "Apatin - Banja Junakovic"]
[Date "2014.09.19"]
[Round "5.12"]
[White "Melnik, Galina"]
[Black "Kurochkina, Elena"]
[Result "1-0"]
[WhiteElo "1971"]
[BlackElo "1768"]
[PlyCount "89"]
[EventDate "2014.09.16"]

1. d4 e6 2. Nf3 f5 3. c4 Nf6 4. Nc3 Bb4 5. Qb3 c5 6. e3 O-O 7. a3 Bxc3+ 8. Qxc3
Ne4 9. Qc2 b6 10. Bd3 Bb7 11. O-O Qe8 12. Nd2 Qg6 13. f3 Ng5 14. b4 cxd4 15.
exd4 Nh3+ 16. Kh1 Nf4 17. Nb3 Nxd3 18. Qxd3 Na6 19. Bf4 Rac8 20. Bd6 Rfe8 21.
Nd2 Nb8 22. Rac1 Nc6 23. b5 Nd8 24. c5 Nf7 25. Nc4 Bd5 26. Ne5 Qh6 27. Nxf7
Kxf7 28. Rc2 Qg5 29. cxb6 axb6 30. Bc7 Qe7 31. Rc3 Rxc7 32. Rxc7 Qd6 33. Rfc1
Ra8 34. R1c3 Kf6 35. Kg1 Ke7 36. Rc8 Bb7 37. Rxa8 Bxa8 38. Qe3 h6 39. Qe5 Qxe5
40. dxe5 Kd8 41. Kf2 Bd5 42. h4 d6 43. exd6 Kd7 44. f4 Kxd6 45. Rc8 1-0

[Event "14th IPCA WORLD INDIVIDUAL CHESS CH 201"]
[Site "Apatin - Banja Junakovic"]
[Date "2014.09.19"]
[Round "5.13"]
[White "Strekalovski, Viktor"]
[Black "Aristov, Pavel"]
[Result "1-0"]
[WhiteElo "2057"]
[BlackElo "1552"]
[PlyCount "58"]
[EventDate "2014.09.16"]

1. b3 Nc6 2. Bb2 d5 3. e3 e5 4. Bb5 e4 5. Ne2 Qg5 6. Ng3 Nf6 7. h4 Qg4 8. Be2
Qg6 9. Bh5 Nxh5 10. Qxh5 Qxh5 11. Nxh5 f6 12. Nc3 Nb4 13. Rc1 c6 14. a3 Na6 15.
f3 exf3 16. gxf3 Kf7 17. Ne2 Be7 18. Kf2 Bd7 19. d3 Nc7 20. Rcg1 g6 21. Nhg3
Rae8 22. Rg2 b5 23. Nf4 Ne6 24. Nxe6 Bxe6 25. Ne2 Rhg8 26. Nf4 Bd7 27. Ke2 Rc8
28. Kd2 a6 29. b4 Rb8 {...50} 1-0

[Event "14th IPCA WORLD INDIVIDUAL CHESS CH 201"]
[Site "Apatin - Banja Junakovic"]
[Date "2014.09.19"]
[Round "5.14"]
[White "Aleksandrova, Aleksandra"]
[Black "Sataeva, Lana"]
[Result "1-0"]
[WhiteElo "1947"]
[BlackElo "1483"]
[PlyCount "117"]
[EventDate "2014.09.16"]

1. d4 d5 2. Nf3 Nf6 3. c3 Bf5 4. Qb3 b6 5. Nbd2 Nbd7 6. e3 c6 7. Nh4 Bg6 8.
Nxg6 hxg6 9. Bd3 e6 10. e4 Be7 11. e5 Ng4 12. Nf3 c5 13. Qc2 Rc8 14. Qa4 c4 15.
Be2 a5 16. Bd2 f5 17. b3 Qc7 18. bxc4 dxc4 19. d5 exd5 20. e6 Bc5 21. exd7+
Qxd7 22. Qxd7+ Kxd7 23. O-O Rce8 24. Bd1 Nf6 25. Ba4+ Kd6 26. Bf4+ Ke7 27.
Rae1+ Kf7 28. Bxe8+ Nxe8 29. Ne5+ Kg8 30. Nxg6 Rh5 31. Be3 Bd6 32. g3 b5 33.
Nf4 Bxf4 34. Bxf4 Nf6 35. f3 Kf7 36. Bc7 a4 37. Rb1 Rh8 38. Rxb5 Re8 39. Kf2
Kg6 40. Re1 Rc8 41. Be5 Ne8 42. Rxd5 Kf7 43. Ra5 g6 44. Rxa4 Rc6 45. Ra7+ Kf8
46. Ra8 Kf7 47. a4 g5 48. a5 g4 49. Rb1 Re6 50. Rb7+ Kg6 51. Rb6 Rxb6 52. axb6
Ng7 53. Bxg7 Kxg7 54. b7 gxf3 55. Ra6 f4 56. b8=Q fxg3+ 57. hxg3 Kf7 58. Qb7+
Ke8 59. Ra8# 1-0

[Event "14th IPCA WORLD INDIVIDUAL CHESS CH 201"]
[Site "Apatin - Banja Junakovic"]
[Date "2014.09.19"]
[Round "5.15"]
[White "Konkolova, Nikola"]
[Black "Pilimon, Zbigniew"]
[Result "1-0"]
[WhiteElo "1485"]
[BlackElo "1706"]
[PlyCount "73"]
[EventDate "2014.09.16"]

1. e4 c5 2. Nf3 d6 3. Bb5+ Bd7 4. Bxd7+ Qxd7 5. Nc3 Nc6 6. d4 cxd4 7. Nxd4 Nf6
8. Bg5 Ng4 9. Nxc6 bxc6 10. O-O g6 11. h3 Bh6 12. Bxh6 Nxh6 13. Qd2 Ng8 14.
Rad1 Rd8 15. Rfe1 h5 16. Qg5 e6 17. Qd2 Kf8 18. Re3 Ne7 19. Rf3 f5 20. exf5
exf5 21. Qd4 Rh7 22. Ne4 Nd5 23. c4 Kg8 24. Ng5 Nc7 25. Nxh7 Kxh7 26. Qxa7 c5
27. Qa3 Ne6 28. Rfd3 Qc6 29. Re3 Nf4 30. Re7+ Kh6 31. Qg3 g5 32. h4 Rg8 33. f3
Rg7 34. hxg5+ Rxg5 35. Qxf4 d5 36. Rxd5 Qg6 37. Rd6 1-0

[Event "14th IPCA WORLD INDIVIDUAL CHESS CH 201"]
[Site "Apatin - Banja Junakovic"]
[Date "2014.09.19"]
[Round "5.16"]
[White "Riekkinen, Keijo"]
[Black "Sergeeva, Anna"]
[Result "1-0"]
[WhiteElo "1671"]
[BlackElo "1274"]
[PlyCount "95"]
[EventDate "2014.09.16"]

1. c4 e5 2. Nc3 Nf6 3. g3 Nc6 4. Bg2 Bb4 5. a3 Bxc3 6. bxc3 O-O 7. e3 d5 8.
cxd5 Nxd5 9. Ne2 Be6 10. O-O Qd7 11. Re1 f5 12. f4 exf4 13. Nxf4 Nxf4 14. gxf4
Rf6 15. d4 Rg6 16. Kf1 Bc4+ 17. Kf2 Qe7 18. Qh5 Rh6 19. Qg5 Qxg5 20. fxg5 Rxh2
21. Kg3 Rh5 22. Kf4 g6 23. e4 Rh4+ 24. Kg3 Rg4+ 25. Kh3 Bd3 26. Bf3 Bxe4 27.
Bxg4 fxg4+ 28. Kxg4 Bf5+ 29. Kg3 Na5 30. Bf4 Rc8 31. Re7 c6 32. Be5 Nb3 33. Re1
Nd2 34. Rg7+ Kf8 35. Rxh7 Ne4+ 36. Kf4 Nxc3 37. Rh8+ Ke7 38. Bf6+ Kd6 39. Be5+
Kd5 40. Rxc8 Bxc8 41. Rh1 Ne2+ 42. Ke3 Ng3 43. Bxg3 Bf5 44. Rh7 Bc8 45. Rc7 Bf5
46. Rxb7 c5 47. dxc5 Kxc5 48. Rxa7 {...62} 1-0

[Event "14th IPCA WORLD INDIVIDUAL CHESS CH 201"]
[Site "Apatin - Banja Junakovic"]
[Date "2014.09.20"]
[Round "6.1"]
[White "Obodchuk, Andrei"]
[Black "Mikheev, Stanislav"]
[Result "1/2-1/2"]
[WhiteElo "2370"]
[BlackElo "2195"]
[PlyCount "88"]
[EventDate "2014.09.16"]

1. Nf3 Nf6 2. c4 c5 3. Nc3 e6 4. g3 b6 5. Bg2 Bb7 6. O-O Be7 7. Re1 d6 8. e4 a6
9. d4 cxd4 10. Nxd4 Qc7 11. Be3 Nbd7 12. Rc1 Rc8 13. b3 Qb8 14. f4 O-O 15. Bf2
Qa8 16. f5 e5 17. Nc2 b5 18. Nd5 Bd8 19. Nce3 Bxd5 20. cxd5 Bb6 21. Qe2 Rxc1
22. Rxc1 Rc8 23. Rc2 Bd4 24. b4 Nb6 25. Bf3 Kf8 26. g4 Nfd7 27. g5 Rxc2 28.
Qxc2 Qc8 29. Qc6 Qb8 30. f6 Bxe3 31. Bxe3 Nc4 32. Qxd7 Nxe3 33. fxg7+ Kxg7 34.
Bh5 Qf8 35. Qa7 Nc2 36. Qxa6 Qe7 37. h4 Qd7 38. Qb6 Nxb4 39. Qf2 Nd3 40. Qf6+
Kg8 41. Kh2 Nf4 42. Bg4 Qc7 43. Bf3 Qc8 44. Bg2 Qc2 1/2-1/2

[Event "14th IPCA WORLD INDIVIDUAL CHESS CH 201"]
[Site "Apatin - Banja Junakovic"]
[Date "2014.09.20"]
[Round "6.2"]
[White "Valenta, Vit"]
[Black "Venkata, Krishna Karthik K"]
[Result "0-1"]
[WhiteElo "2134"]
[BlackElo "1967"]
[PlyCount "102"]
[EventDate "2014.09.16"]

1. b4 e5 2. Bb2 d6 3. g3 f5 4. Bg2 Nf6 5. d3 Be7 6. Nf3 O-O 7. O-O Qe8 8. e3
Nc6 9. b5 Nd8 10. c4 Qh5 11. Nc3 a6 12. a4 axb5 13. cxb5 Ne6 14. Nh4 Qxd1 15.
Rfxd1 Nc5 16. Ra3 e4 17. dxe4 fxe4 18. f4 Nd3 19. Bc1 d5 20. Ra1 Bg4 21. Rf1
Bc5 22. Bd2 d4 23. Nxe4 Nxe4 24. Bxe4 dxe3 25. Be1 e2+ 26. Rf2 Nxe1 27. Rxe1
Rxa4 28. Bxb7 Rd8 29. Kg2 Bxf2 30. Kxf2 Rd1 31. Ng2 Rxe1 32. Nxe1 Bd7 33. Kxe2
Ra2+ 34. Ke3 Rxh2 35. Nf3 Rb2 36. Bd5+ Kf8 37. Ne5 Bxb5 38. g4 c5 39. Be4 h6
40. Bd5 Ke7 41. Bg8 Kf6 42. Ke4 Rb4+ 43. Ke3 c4 44. Nf3 c3 45. g5+ hxg5 46.
fxg5+ Kg6 47. Bd5 c2 48. Kd2 Ba4 49. Ba8 Kh5 50. Bd5 Rb1 51. Bf7+ g6 0-1